LEADER 03602nam 2200745 a 450 001 9910452770803321 005 20200520144314.0 010 $a1-280-77899-7 010 $a9786613689382 010 $a0-7391-7602-1 035 $a(CKB)2550000000104331 035 $a(EBL)948646 035 $a(OCoLC)802262058 035 $a(SSID)ssj0000691997 035 $a(PQKBManifestationID)12309599 035 $a(PQKBTitleCode)TC0000691997 035 $a(PQKBWorkID)10636824 035 $a(PQKB)11774218 035 $a(MiAaPQ)EBC948646 035 $a(Au-PeEL)EBL948646 035 $a(CaPaEBR)ebr10573616 035 $a(CaONFJC)MIL368938 035 $a(EXLCZ)992550000000104331 100 $a20120210d2012 uy 0 101 0 $aeng 135 $aur|n|---||||| 181 $ctxt 182 $cc 183 $acr 200 14$aThe Ocean-Hill Brownsville conflict$b[electronic resource] $eintellectual struggles between Blacks and Jews at mid-century /$fGlen Anthony Harris 210 $aLanham $cLexington Books$d2012 215 $a1 online resource (209 p.) 300 $aDescription based upon print version of record. 311 $a0-7391-6683-2 320 $aIncludes bibliographical references and index. 327 $aIn the first decades of the twentieth century -- From Franz Boas to Richard Wright -- The 1940s: impeded perceptions -- Liberalism and identity in post-war America -- The commentary factory -- What once was old is now new -- The radicalization of the civil rights movement -- What liberal alliance? the Ocean Hill-Brownsville conflict -- Conclusion. 330 $aThe history of Black-Jewish relations from the beginning of the twentieth century shows that, while they were sometimes partners of convenience, there was also a deep suspicion of each other that broke out into frequent public exchanges. The Ocean Hill-Brownsville Conflict explores this fraught relationship, which is evident in the intellectual lives of these communities. The tension was as apparent in the life and works of Marcus Garvey, Richard Wright, and James Baldwin as it was in the exchanges between blacks and Jews 606 $aJews$zNew York (State)$zNew York$xSocial conditions$y20th century 606 $aAfrican Americans$zNew York (State)$zNew York$xSocial conditions$y20th century 606 $aAfrican Americans$xEducation$zNew York (State)$zNew York$xHistory$y20th century 606 $aJews$xEducation$zNew York (State)$zNew York$xHistory$y20th century 606 $aPublic schools$zNew York (State)$zNew York$xHistory$y20th century 606 $aDiscrimination in education$zNew York (State)$zNew York 606 $aRacism in education$zNew York (State)$zNew York 606 $aAfrican Americans$zNew York (State)$zNew York$xRelations with Jews 607 $aNew York (N.Y.)$xRace relations$xHistory$y20th century 607 $aNew York (N.Y.)$xSocial conditions$y20th century 608 $aElectronic books. 615 0$aJews$xSocial conditions 615 0$aAfrican Americans$xSocial conditions 615 0$aAfrican Americans$xEducation$xHistory 615 0$aJews$xEducation$xHistory 615 0$aPublic schools$xHistory 615 0$aDiscrimination in education 615 0$aRacism in education 615 0$aAfrican Americans$xRelations with Jews. 676 $a370.89 700 $aHarris$b Glen Anthony$f1964-$0943942 801 0$bMiAaPQ 801 1$bMiAaPQ 801 2$bMiAaPQ 906 $aBOOK 912 $a9910452770803321 996 $aThe Ocean-Hill Brownsville conflict$92130782 997 $aUNINA LEADER 01421nam0 22003131i 450 001 UON00033031 005 20231205102109.810 100 $a20020107d1968 |0itac50 ba 101 $aita 102 $aIT 105 $a|||| ||||| 200 1 $aIndia$ecinquemila anni di civiltą indiana$fHermann Goetz$gtraduzione di Mara Andreoni 205 $a6. ed 210 $aMilano$cIl saggiatore$d1968 215 $a321 p.$cill., 68 tav.$d23 cm 316 $aaltro inv. SA 8671$5IT-UONSI SIIXA/001 606 $aARTE INDIANA$xMANUALI$3UONC013298$2FI 620 $aIT$dMilano$3UONL000005 686 $aSI IX A$cSUBCONT. INDIANO - ARTE - STORIA$2A 700 1$aGOETZ$bHermann$3UONV015587$0389994 702 1$aANDREONI$bMara$3UONV079799 712 $aIl Saggiatore$3UONV246654$4650 801 $aIT$bSOL$c20240220$gRICA 912 $aUON00033031 950 $aSIBA - SISTEMA BIBLIOTECARIO DI ATENEO$dSI SI FONDO PANDEY 032 TERZO PIANO $eSI 41880 7 032 TERZO PIANO 950 $aSIBA - SISTEMA BIBLIOTECARIO DI ATENEO$dSI SI IX A 001 bis $eSI SA 8671 7 001 bis 950 $aSIBA - SISTEMA BIBLIOTECARIO DI ATENEO$dSI SI IX A 001 $eSI SA 11344 7 001 altro inv. SA 8671 996 $aIndia$9548461 997 $aUNIOR LEADER 03951nam 22007215 450 001 9910908366503321 005 20260323111912.0 010 $a9789819755080$b(electronic bk.) 010 $z9789819755073 024 7 $a10.1007/978-981-97-5508-0 035 $a(MiAaPQ)EBC31786568 035 $a(Au-PeEL)EBL31786568 035 $a(CKB)36601353900041 035 $a(DE-He213)978-981-97-5508-0 035 $a(OCoLC)1472497088 035 $a(EXLCZ)9936601353900041 100 $a20241119d2024 u| 0 101 0 $aeng 135 $aurcnu|||||||| 181 $ctxt$2rdacontent 182 $cc$2rdamedia 183 $acr$2rdacarrier 200 10$aAdvances in Immunology and Immuno-techniques $eUpdated Concepts and Recent Applications /$fedited by Alok Das Mohapatra, Priyadarshi S. Sahu 205 $a1st ed. 2024. 210 1$aSingapore :$cSpringer Nature Singapore :$cImprint: Springer,$d2024. 215 $a1 online resource (309 pages) 225 1 $aInterdisciplinary Biotechnological Advances,$x2730-7077 311 08$aPrint version: Das Mohapatra, Alok Advances in Immunology and Immuno-Techniques Singapore : Springer,c2024 9789819755073 327 $aChapter 1. Immunologic Basis of Immuno-therapeutics and Vaccines: Present Approaches and Future Perspectives -- Chapter 2. Blocking Co-inhibitory Receptors: A Promising Cancer Immunotherapy Strategy -- Chapter 3. Neoepitope-based Cancer Vaccines: Principle and Applications -- Chapter 4. Bispecific Antibodies: An Emerging Concept in Antibody-based Cancer Therapies -- Chapter 5. Progresses and Challenges in HIV Vaccine -- Chapter 6. Neurobiological Mechanisms of Maternal Immune Activation-induced Neurodevelopmental Disorders: A Serotonin Model -- Chapter 7. Immunopharmacogenomics: Challenges and Future Prospects -- Chapter 8. Immunology Encounters Nano-technology: Recent Developments and Future Prospects of Nano-based Drug Delivery Systems -- Chapter 9. Novel Drug Targets in Neuro-immune Disorders -- Chapter 10. The Role of Host Genetics in the Susceptibility, Severity, and Immune Response to SARS-CoV-2 -- Chapter 11. Immuno Metabolic Interplay in Health and Disease -- Chapter 12. Role of Human Milk Immune Modulators on Infant?s Health. 330 $aThis book aims to elucidate recent advancements in immunology, presenting a curated selection of topics not typically covered in conventional immunology textbooks. Each chapter features a comprehensive outline, an abstract, a glossary, and relevant figures, making this volume an accessible and user-friendly resource for seeking to enhance their understanding of these subjects. This publication will appeal to university researchers, R&D professionals, and graduate students in immunobiology who wish to update and deepen their knowledge of emerging and applied concepts in the field. 410 0$aInterdisciplinary Biotechnological Advances,$x2730-7077 606 $aImmunology 606 $aBiotechnology 606 $aBiology$xTechnique 606 $aImmunotherapy 606 $aImmunology 606 $aBiotechnology 606 $aBiological Techniques 606 $aImmunotherapy 606 $aApplied Immunology 606 $aImmunoterąpia$2thub 606 $aBiotecnologia$2thub 608 $aLlibres electrņnics$2thub 615 0$aImmunology. 615 0$aBiotechnology. 615 0$aBiology$xTechnique. 615 0$aImmunotherapy. 615 14$aImmunology. 615 24$aBiotechnology. 615 24$aBiological Techniques. 615 24$aImmunotherapy. 615 24$aApplied Immunology. 615 7$aImmunoterąpia 615 7$aBiotecnologia 676 $a616.079 700 $aDas Mohapatra$b Alok$01775264 701 $aSahu$b Priyadarshi S$01775265 801 0$bMiAaPQ 801 1$bMiAaPQ 801 2$bMiAaPQ 912 $a9910908366503321 996 $aAdvances in Immunology and Immuno-Techniques$94289895 997 $aUNINA